<?xml version="1.0" encoding="UTF-8"?>
<marc:record xmlns:marc="http://www.loc.gov/MARC21/slim">
   <marc:leader>00000nam a2200000 a 4500</marc:leader>
   <marc:datafield ind1="1" ind2=" " tag="100">
      <marc:subfield code="a">Rönne, Ronja von</marc:subfield>
      <marc:subfield code="4">aut</marc:subfield>
      <marc:subfield code="e">Verfasser/-in</marc:subfield>
   </marc:datafield>
   <marc:datafield ind1="0" ind2="0" tag="245">
      <marc:subfield code="a">Heute ist leider schlecht</marc:subfield>
   </marc:datafield>
   <marc:datafield ind1="0" ind2="0" tag="245">
      <marc:subfield code="b">Beschwerden ans Leben</marc:subfield>
   </marc:datafield>
   <marc:datafield ind1="0" ind2="0" tag="245">
      <marc:subfield code="c">Ronja von Rönne</marc:subfield>
   </marc:datafield>
   <marc:datafield ind1=" " ind2="1" tag="264">
      <marc:subfield code="a">Frankfurt am Main</marc:subfield>
      <marc:subfield code="b">Fischer Taschenbuch</marc:subfield>
      <marc:subfield code="c">2020</marc:subfield>
   </marc:datafield>
   <marc:datafield ind1="1" ind2=" " tag="520">
      <marc:subfield code="a">Angaben aus der Verlagsmeldung

Heute ist leider schlecht : Beschwerden ans Leben Rönne, Heute ist leider schlecht / von Ronja von Rönne

»Positiv denken ist sehr in. Dabei ist das großer Unsinn. Wenn man z.B. sehr einsam ist, hilft es auch nicht, sich einzureden, man sei eigentlich nur die kleinste Polonaise der Welt. Es macht mehr Freude, sich einzureden, man sei allein und nicht etwa ein sehr exklusives Clübchen.«Ronja von Rönne schreibt über die Menschen und über das Leben. ›Heute ist leider schlecht‹ enthält eine Auswahl ihrer Texte aus ihrem Blog »Sudelheft«, den Kolumnen in der »Welt« sowie neues Material. Texte, die nichts weniger sind als eine ungemein scharfsinnige und wortgewaltige Auseinandersetzung mit den Lebensentwürfen unserer Zeit: »In diesem Buch erfahren Sie eine ganze Menge und was dagegen hilft.«
</marc:subfield>
   </marc:datafield>
   <marc:datafield ind1=" " ind2=" " tag="020">
      <marc:subfield code="a">9783596037032</marc:subfield>
      <marc:subfield code="9">9783596037032</marc:subfield>
   </marc:datafield>
   <marc:datafield ind1=" " ind2=" " tag="020">
      <marc:subfield code="a">3596037034</marc:subfield>
      <marc:subfield code="9">3596037034</marc:subfield>
   </marc:datafield>
   <marc:datafield ind1=" " ind2=" " tag="300">
      <marc:subfield code="a">203 Seiten</marc:subfield>
   </marc:datafield>
</marc:record>
